00931nam a22002297a 4500010001300000035001300013037001600026040001200042082001700054100002600071245003700097260005800134270005800192300002500250490003300275650008700308650007600395650007300471942002600544999001900570952011200589 aB-146885 aB-146885 aCen Lib/Ret aDPLbEN a320.954bLAK aLaxmikanth, M.914583 a Indian Polity cby M Laxmikanth aNew DelhibTata McGraw Hill Education Private Limited aTata McGraw Hill Education Private LimitedbNew Delhi axxi, 429p.b24cm(Hb) aTata McGraw-Hill's WE series a India -- Politics and government -- Examinations -- Study guides. 9113631 aPublic administration -- India -- Examinations -- Study guides.9113632 aConstitutional law -- India -- Examinations -- Study guides.9113633 2ddccENh320.954mLAK c136186d136186 00104070aLbLd2015-12-26eCen Lib/Retl0o320.954 LAKpB-146885r2015-12-26 00:00:00t1w2015-12-26yEN